| Поле | Инд. | ПП | Название | Значение |
|---|---|---|---|---|
| Тип записи | a | |||
| Библиографический уровень | b | |||
| 001 | Контрольный номер | RU/IS/BASE/235043359 | ||
| 005 | Дата корректировки | 20200618185524.7 | ||
| 040 | b | Код языка каталог. | rus | |
| e | Правила каталог. | PSBO | ||
| 041 | 0_ | a | Код языка текста | rus |
| 084 | a | Индекс другой классификации/Индекс ББК | 83.3(0)323 | |
| 100 | 1_ | a | Автор | Теперик Т. Ф. |
| 245 | 10 | a | Заглавие | Поэтика сновидения и "Новый стиль" исторического эпоса: "Фарсалия" Лукана |
| 504 | a | Библиография | Библиогр. - Примеч.: с. 65 - 66 | |
| 600 | 14 | a | Персоналии | Лукан Марк Анней |
| 650 | 04 | a | Основная рубрика | история литературы |
| a | Основная рубрика | литературоведение | ||
| a | Основная рубрика | филологические науки | ||
| 653 | 0_ | a | Ключевые слова | "Фарсалия" |
| a | Ключевые слова | античная литература | ||
| a | Ключевые слова | древний мир | ||
| a | Ключевые слова | Древний Рим | ||
| a | Ключевые слова | онейротопика | ||
| a | Ключевые слова | сновидения | ||
| a | Ключевые слова | эпос | ||
| 773 | 0_ | t | Заглавие источника | Вестник Московского университета. Серия 9, Филология |
| d | Дата издания источника | 2007 | ||
| g | Прочая информация | № 1. - С. 49 - 58 : табл. | ||
| w | Контрольный № источника | RU/IS/BASE/229700507 | ||
| 901 | t | Тип документа | b |